Statistics for Motown Quiz

Click here to take the quiz!

General Stats

  • This quiz has been taken 225 times
  • The average score is 8 of 15

Answer Stats

HintAnswer% Correct
SuperstitionStevie Wonder
92%
What's Going OnMarvin Gaye
85%
Baby LoveThe Supremes
82%
My GirlThe Temptations
79%
Tracks of my TearsSmokey Robinson and the Miracles
78%
I Want You BackJackson 5
74%
I Can't Help MyselfFour Tops
68%
My GuyMary Wells
47%
Brick HouseThe Commodores
38%
What Becomes of the Broken HeartedJimmy Ruffin
35%
End of the RoadBoyz II Men
26%
Jimmy MackMartha and the Vandellas
23%
Money (That's What I Want)Barrett Strong
15%
Please Mr. PostmanThe Marvellettes
14%
WarEdwin Starr
0%

Score Distribution

Percentile by Number Answered

Percent of People with Each Score

Your Score History

You have not taken this quiz